000 00780cab a2200241 4500
001 WB3410-44
008 090401t1998 xxu||||| |||| 00| 0 eng d
035 _a(Sirsi) u84774
041 _aeng
245 _aStatutory notices
260 _c1998
350 _a0
490 _aEstates Gazette
_v(9810) 7 March 1998, 158(1)
520 _aLooks at two recent cases "Sabella Ltd v Montgomery" and "Railtrack plc v Gojra" with regards to the validity of basic statutory notices under the 1954 Act.
650 _aLANDLORD AND TENANT ACT 1954 PART II
650 _aRAILTRACK PLC V GOJRA
650 _aSABELLA LTD V MONTGOMERY AND OTHERS
650 _aSTATUTORY NOTICES
650 _aVALIDITY
690 _aPROPERTY-LANDLORD AND TENANT
942 _n0
948 _c10/03/1998
999 _c53309
_d53309